000 00259nam a2200109Ia 4500
008 200302s9999 xx 000 0 und d
100 _aMurray Grant
245 _aScaffold Falsework Design
260 _bA Viewpoint Publication
260 _c1978
300 _a42 P.,
999 _c502
_d502